000 01556nam a22002177a 4500
999 _c57064
_d57064
003 Ge_BSU
005 20191104143556.0
008 191104s2019 ||||| |||| 00| 0 geo d
020 _a9789941963902
041 _ageo
080 _a726:27-523.4(=353.1)(560) ტ-28
245 _aტაო-კლარჯეთის ძეგლების 2012-2013 წლების საკვლევი ექსპედიციების ანგარიშები /
_cანგარიშები მოამზადეს : თეიმურაზ ხუციშვილმა ; ბებურ გოზალიშვილმა ; ანა იმედაშვილმა [და სხვ.].
264 _aთბილისი :
_bკავკასიის უნივერსიტეტის გამომცემლობა,
_c2019.
300 _a36 გვ. :
_bფოტ. ;
_c 28 სმ.
501 _aანგარიშები იბეჭდება საქართველოს კულტურისა და ტურისტული რესურსების კვლევის ცენტრის დაფინანსებით.
653 _aტაო-კლარჯეთის არქიტექტურული ძეგლები
700 _aხუციშვილი, თეიმურაზ
_95232
700 _aგოზალიშვილი, ბებურ
_95233
700 _aიმედაშვილი, ანა
_95234
942 _2udc
_cBK